Macar Bilimler Akademisi Kütüphanesi'ndeki Türkçe el yazmaları kataloğu / (Kayıt no. 9732)

MARC ayrıntıları
000 -BAŞLIK
Sabit Uzunluktaki Kontrol Alanı 00540nam a22001817a 4500
003 - KONTROL NUMARASI KİMLİĞİ
Kontrol Alanı KOHA_MİRAKIL
005 - EN SON İŞLEM TARİHİ ve ZAMANI
Kontrol Alanı 20251209113747.0
008 - SABİT UZUNLUKTAKİ VERİ ÖGELERİ - GENEL BİLGİ
Sabit Alan 251209b tu ||||| |||| 00| 0 tur d
020 ## - ISBN - ULUSLARARASI STANDART KİTAP NUMARASI
Isbn 9789944252034
040 ## - KATALOGLAMA KAYNAĞI
Özgün Kataloglama Kurumu TR-AnABB
Kataloglama Dili tur
Çeviri Kurumu TR-AnABB
041 ## - DİL KODU
Metin ya da ses kaydının dil kodu tur
082 ## - DEWEY ONU SINIFLAMA SİSTEMİ
Sınıflama Numarası 016.091
Cutter numarası MAC 2007
245 10 - ESER ADI BİLDİRİMİ
Başlık Macar Bilimler Akademisi Kütüphanesi'ndeki Türkçe el yazmaları kataloğu /
260 ## - YAYIN, DAĞITIM, VB.
Yayın Yeri Ankara :
Yayınevi TÜBA,
Yayın Tarihi 2007
300 ## - FİZİKSEL TANIMLAMA
Sayfa, Cilt vb. 565 sayfa ;
Boyutları 28 cm
650 04 - KONU BAŞLIĞI EK GİRİŞ - KONU TERİMİ
Konusal terim veya coğrafi ad Macar Bilimler Akademisi Kütüphanesi
942 ## - EK GİRİŞ ÖGELERİ (KOHA)
Sınıflama Kaynağı Dewey Decimal Classification
Materyal Türü Kitap
900 ## - YEREL BİLGİ
Kontrol Gizem YORULMAZ
Mevcut
Geri Çekilme Durumu Kayıp Durumu Sınıflandırma Kaynağı Kredi için değil Kalıcı Konum Mevcut Konum Kayıt Tarih Toplam Ödünçverme Yer Numarası Demirbaş Numarası Son Görülme Tarihi Fatura Tarihi Materyal Türü
    Dewey Decimal Classification   Büyükşehir Genç Akademi Batıkent Büyükşehir Genç Akademi Batıkent 09/12/2025   016.091 MAC 2007 ABB125963 09/12/2025 09/12/2025 Kitap